📖 150 premiers mots "Premier sang" Amélie Nothomb - Statistiques

Statistiques générales
  • Ce quiz a Ă©tĂ© pris 16 fois
  • Le rĂ©sultat moyen est 64 sur 150
Statistiques - réponses
Mots % Correct
a
100%
Ă 
100%
s'
100%
d'
86%
de
86%
Il
86%
il
86%
J'
86%
j'
86%
Je
86%
je
86%
me
86%
L'
79%
l'
79%
un
79%
une
79%
des
71%
En
71%
Et
71%
la
71%
le
71%
Le
71%
moi,
71%
ai
64%
ce
64%
se
64%
su
64%
ces
57%
les
57%
ne
57%
plus
57%
y
57%
dans
50%
du
50%
mon
50%
On
50%
on
50%
que
50%
qui
50%
cette
43%
fait
43%
mois
43%
quand
43%
ans.
36%
cela
36%
Cela
36%
dire.
36%
huit
36%
mort
36%
quatre
36%
avoir
29%
chaque
29%
été
29%
ĂŞtre
29%
peut
29%
temps
29%
vingt-
29%
voulait
29%
croire
21%
dure
21%
étire,
21%
face
21%
minutes,
21%
peloton
21%
précédente.
21%
seconde
21%
siècle
21%
va
21%
veut
21%
Ainsi,
14%
armes
14%
Aucun
14%
chacun
14%
exécution.
14%
hommes
14%
notre
14%
parle.
14%
Puisqu'
14%
semble
14%
soit
14%
ait
7%
allait
7%
aujourd'hui.
7%
aussitĂ´t
7%
besoin
7%
blanc.
7%
chargée
7%
conduit
7%
crier
7%
devant
7%
distribuées,
7%
doute
7%
douze
7%
entendu
7%
exécutants.
7%
innocence.
7%
innocent
7%
jure
7%
lance
7%
meurtre
7%
nécessaire
7%
négocie
7%
nom,
7%
palabres...
7%
parmi
7%
perpétré.
7%
possibilité
7%
respectée
7%
serait
7%
soulagement.
7%
soupiré
7%
survie,
7%
tradition
7%
tuer,
7%
usage
7%
vingtaine
7%
visage
7%
Aucun quiz correspondant
Distribution des résultats
% des personnes avec chaque résultat
Percentile par nombre de réponses
Votre historique - résultats
Vous n’avez pas pris ce quiz